Province della Calabria per Densità di popolazione - Statistics

Statistiche generali
  • Questo quiz è stato fatto 11 volte
  • Il punteggio medio è 4 su 5
Statistiche sulle risposte
Densità (popolazione per km²) Provincia o Città metropolitana % Corretto
171 Città metropolitana di Reggio Calabria
100%
148 Provincia di Catanzaro
90%
105 Provincia di Cosenza
90%
101 Provincia di Crotone
90%
139 Provincia di Vibo Valentia
70%
Nessun quiz corrispondente trovato
Distribuzione punteggi
Percentuale di utenti per punteggio
Percentile per numero di risposta
I tuoi punteggi nel tempo
Non hai fatto questo quiz